Valtiot, joilla on sama nimi suomeksi ja espanjaksi - Statistics

Yleistilastot
  • Tätä visaa on pelattu 33 kertaa
  • Keskiarvotulos 46 / 80
Vastaustilastot
Maanosa Valtio % Oikein
Oseania Australia
80%
Eurooppa Albania
76%
Eurooppa Andorra
76%
Etelä-Amerikka Chile
72%
Eurooppa Italia
72%
Eurooppa Monaco
72%
Pohjois-Amerikka Panama
72%
Eurooppa San Marino
72%
Eurooppa Serbia
72%
Oseania Tuvalu
72%
Etelä-Amerikka Uruguay
72%
Aasia Afganistan
68%
Pohjois-Amerikka El Salvador
68%
Pohjois-Amerikka Honduras
68%
Aasia Iran
68%
Eurooppa Kosovo
68%
Eurooppa Liechtenstein
68%
Oseania Nauru
68%
Etelä-Amerikka Paraguay
68%
Oseania Tonga
68%
Pohjois-Amerikka Costa Rica
64%
Etelä-Amerikka Ecuador
64%
Pohjois-Amerikka Guatemala
64%
Afrikka Guinea
64%
Eurooppa Malta
64%
Pohjois-Amerikka Nicaragua
64%
Aasia Uzbekistan
64%
Etelä-Amerikka Venezuela
64%
Eurooppa Bulgaria
60%
Etelä-Amerikka Guyana
60%
Aasia Indonesia
60%
Aasia Irak
60%
Aasia Israel
60%
Aasia Pakistan
60%
Etelä-Amerikka Peru
60%
Afrikka Somalia
60%
Aasia Turkmenistan
60%
Oseania Vanuatu
60%
Afrikka Angola
56%
Etelä-Amerikka Bolivia
56%
Afrikka Eritrea
56%
Aasia Georgia
56%
Pohjois-Amerikka Haiti
56%
Oseania Kiribati
56%
Eurooppa Montenegro
56%
Afrikka Niger
56%
Afrikka Nigeria
56%
Aasia Oman
56%
Aasia Sri Lanka
56%
Afrikka Sudan
56%
Afrikka Togo
56%
Aasia Vietnam
56%
Afrikka Guinea-Bissau
52%
Afrikka Mali
52%
Aasia Mongolia
52%
Aasia Nepal
52%
Oseania Samoa
52%
Afrikka Senegal
52%
Aasia Taiwan
52%
Afrikka Benin
48%
Aasia Brunei
48%
Afrikka Burundi
48%
Afrikka Ghana
48%
Afrikka Namibia
48%
Afrikka Uganda
48%
Aasia Armenia
44%
Afrikka Burkina Faso
44%
Pohjois-Amerikka Dominica
44%
Aasia Kuwait
44%
Aasia Laos
44%
Afrikka Etiopia
40%
Afrikka Gambia
40%
Aasia Jordania
40%
Afrikka Kenia
40%
Aasia Myanmar
40%
Afrikka Ruanda
40%
Pohjois-Amerikka Barbados
36%
Afrikka Gabon
36%
Afrikka Liberia
36%
Afrikka Mauritania
36%
Ehtoja vastaavia visoja ei löytynyt
Tulosjakauma
Jokaisen tuloksen saaneiden osuus
Persentiili vastausten määrän mukaan
Tuloshistoriasi
Et ole pelannut tätä visaa